[Event "Blackmar-Diemer"]
[Site "http://www.queenalice.com/game.php?id=457980"]
[Date "2008.9.3"]
[Round "1"]
[White "BruceA"]
[Black "sirofa"]
[Result "1-0"]
[WhiteElo "2152"]
[BlackElo "2207"]

1. d4 d5 2. c4 e6 3. Nc3 c6 4. e4 dxe4 5. Nxe4 Bb4+ 6. Bd2 Qxd4 7. Bxb4 Qxe4+ 8.
Ne2 Nd7 9. Qd6 Qxc4 10. Nc3 Qg4 11. Ba3 e5 12. Bd3 Qd4 13. Ne4 Kd8 14. Rd1 h5
15. O-O 1-0

[Event "AUTO-MASTER-499"]
[Site "http://www.queenalice.com/game.php?id=489355"]
[Date "2008.11.7"]
[Round "2"]
[White "Bruscato"]
[Black "BruceA"]
[Result "1/2-1/2"]
[WhiteElo "2340"]
[BlackElo "2214"]

1. e4 e5 2. Nf3 Nf6 3. Nc3 Nc6 4. Bb5 Bb4 5. O-O O-O 6. Bxc6 dxc6 7. d3 Qd6 8.
a3 Ba5 9. Bd2 a6 10. Ne2 Bxd2 11. Qxd2 Bg4 12. Ng3 Bxf3 13. gxf3 Kh8 14. Nf5 Qd8
15. Rad1 g6 16. Ng3 Qd6 17. Qe3 Rad8 18. Rfe1 c5 19. Kg2 Ne8 20. Ne2 Ng7 21. f4
f6 22. b4 cxb4 23. axb4 Qxb4 24. fxe5 fxe5 25. Rb1 Qa5 26. c3 b6 27. d4 Ne6 28.
d5 1/2-1/2

[Event "AUTO-MASTER-499"]
[Site "http://www.queenalice.com/game.php?id=489356"]
[Date "2008.11.7"]
[Round "2"]
[White "BruceA"]
[Black "Bruscato"]
[Result "1-0"]
[WhiteElo "2199"]
[BlackElo "2310"]

1. e4 e6 2. d4 d5 3. e5 f5 4. Nf3 c5 5. Bb5+ Bd7 6. Nc3 Bxb5 7. Nxb5 Qa5+ 8. Nc3
Nc6 9. O-O cxd4 10. Ne2 Bc5 11. Nf4 Kd7 12. Bd2 Bb4 13. Bxb4 Qxb4 14. Ng5 Nd8
15. c3 Qe7 16. h4 Nh6 17. c4 dxc4 18. Qxd4+ Kc8 19. Rfc1 b5 20. a4 Nc6 21. Qc3
Ng4 22. axb5 Ncxe5 23. b3 Qc5 24. Rc2 Ng6 25. Nfxe6 Qxb5 26. Qxg7 1-0

[Event "Challenge"]
[Site "http://www.queenalice.com/game.php?id=492662"]
[Date "2008.11.13"]
[Round "-"]
[White "Aleksander"]
[Black "BruceA"]
[Result "1-0"]
[WhiteElo "2317"]
[BlackElo "2189"]

1. e4 e5 2. Nf3 Nc6 3. Bb5 a6 4. Ba4 Nf6 5. O-O Be7 6. Re1 b5 7. Bb3 d6 8. c3
O-O 9. h3 Na5 10. Bc2 c5 11. d4 Bb7 12. dxe5 dxe5 13. Qxd8 Raxd8 14. Nxe5 Nxe4
15. Nf3 f5 16. Nbd2 Nxd2 17. Nxd2 Bd6 18. Nf1 1-0

[Event "Challenge"]
[Site "http://www.queenalice.com/game.php?id=502569"]
[Date "2008.12.4"]
[Round "-"]
[White "BruceA"]
[Black "leopov"]
[Result "1-0"]
[WhiteElo "2181"]
[BlackElo "2123"]

1. e4 c6 2. d4 d5 3. e5 Bf5 4. Nf3 e6 5. Be2 a6 6. O-O Nd7 7. Be3 c5 8. Nbd2 c4
9. c3 Ne7 10. b3 b5 11. a4 Nc6 12. axb5 axb5 13. Rxa8 Qxa8 14. Nh4 1-0

[Event "AUTO-MASTER-517"]
[Site "http://www.queenalice.com/game.php?id=514775"]
[Date "2008.12.30"]
[Round "2"]
[White "Caronte"]
[Black "BruceA"]
[Result "1/2-1/2"]
[WhiteElo "2420"]
[BlackElo "2212"]

1. d4 Nf6 2. c4 e6 3. Bg5 c5 4. Nf3 cxd4 5. Nxd4 Qa5+ 6. Bd2 Qb6 7. Nb3 a5 8. e3
Nc6 9. Nc3 a4 10. c5 Qd8 11. Nd4 Bxc5 12. Ndb5 a3 13. Nxa3 Bxa3 14. bxa3 O-O 15.
Be2 d5 16. O-O Qe7 17. Nb5 Rd8 18. f3 e5 19. Rc1 Bf5 20. Qb3 Rd7 21. Rfd1 Qd8
22. Bf1 Kh8 23. Bb4 d4 24. Bc4 Bg6 25. exd4 exd4 26. Bd2 Nh5 27. Re1 Kg8 1/2-1/2

[Event "AUTO-MASTER-517"]
[Site "http://www.queenalice.com/game.php?id=514776"]
[Date "2008.12.30"]
[Round "2"]
[White "BruceA"]
[Black "Caronte"]
[Result "1/2-1/2"]
[WhiteElo "2205"]
[BlackElo "2424"]

1. e4 c5 2. Nc3 e6 3. f4 d5 4. Nf3 d4 5. Bb5+ Bd7 6. Bxd7+ Nxd7 7. Ne2 Ngf6 8.
d3 Be7 9. O-O O-O 10. Qe1 Qb6 11. Qg3 Rac8 12. b3 Rfe8 13. Bd2 Qa6 14. Rfe1 Bd8
15. a4 Ba5 16. Rab1 Bc7 17. Ng5 e5 18. Qh4 exf4 19. Nxf4 h6 20. Nf3 Ne5 21. Qh3
Rcd8 22. Nh4 Nc6 23. Rf1 Ne7 24. Qf3 Be5 25. h3 Qd6 26. Rf2 Rc8 27. Nh5 1/2-1/2

[Event "Blackmar-Diemer"]
[Site "http://www.queenalice.com/game.php?id=525454"]
[Date "2009.1.19"]
[Round "2"]
[White "blanenatelo05"]
[Black "BruceA"]
[Result "0-1"]
[WhiteElo "2318"]
[BlackElo "2218"]

1. d4 Nf6 2. Nc3 d5 3. e4 Nxe4 4. Nxe4 dxe4 5. c4 e5 6. d5 Bc5 7. Bd2 c6 8. b4
Bd4 9. Rc1 a5 10. bxa5 Qh4 11. g3 Qf6 12. Be3 Rxa5 13. Qd2 Ra3 14. Bxd4 exd4 15.
Qb2 Ra7 16. Bg2 Bf5 17. Rd1 c5 18. Ne2 Nd7 19. O-O O-O 20. h3 h5 21. f3 e3 22.
g4 Bh7 23. Qb3 Rfa8 24. Nc1 hxg4 25. fxg4 Qd6 26. Rde1 Ne5 27. Re2 Ra4 28. Qxb7
Rb8 0-1

[Event "AUTO-ELITE-299"]
[Site "http://www.queenalice.com/game.php?id=548232"]
[Date "2009.2.28"]
[Round "1"]
[White "Vonkinho"]
[Black "BruceA"]
[Result "0-1"]
[WhiteElo "2191"]
[BlackElo "2233"]

1. d4 Nf6 2. c4 e6 3. Nf3 d5 4. Nc3 c6 5. Bg5 dxc4 6. e4 b5 7. e5 h6 8. Bh4 g5
9. Nxg5 hxg5 10. Bxg5 Nbd7 11. g3 Be7 12. exf6 Nxf6 13. Bg2 Bb7 14. h4 Qd7 15.
Qf3 Qxd4 16. O-O Nd5 17. Bxe7 Kxe7 18. Rad1 Qf6 19. Nxd5+ cxd5 20. Qe2 a6 21.
Bxd5 Qxh4 22. f4 Qxg3+ 23. Qg2 Qe3+ 0-1

[Event "Let's Play Chess!"]
[Site "http://www.queenalice.com/game.php?id=592473"]
[Date "2009.5.23"]
[Round "-"]
[White "BruceA"]
[Black "decimator"]
[Result "1/2-1/2"]
[WhiteElo "2244"]
[BlackElo "2310"]

1. e4 e5 2. Nf3 Nc6 3. Bb5 a6 4. Ba4 Nf6 5. O-O Bc5 6. d3 h6 7. Bxc6 bxc6 8.
Nxe5 O-O 9. Re1 Re8 10. Nf3 d6 11. Nbd2 Bg4 12. c3 a5 13. h3 Bh5 14. Qa4 Qd7 15.
b3 Bg6 16. Nf1 Bb6 17. Bf4 Nh5 18. Bh2 Nf6 19. N1d2 c5 20. Qxd7 Nxd7 21. Nc4 a4
22. Bg3 axb3 23. axb3 Rxa1 24. Rxa1 Bh7 25. Nxb6 Nxb6 26. Ra7 Rc8 27. Nd2 Kf8
28. Bh2 Ke7 29. g4 Kd7 30. f4 Rb8 31. Kf2 Nc8 32. Ra1 Ne7 33. h4 f6 34. h5 Bg8
35. Ra3 Nc6 36. Kf3 Rb7 37. Bg1 Na7 38. b4 Nb5 39. Ra8 Be6 40. c4 Na7 41. bxc5
Nc6 42. Ra2 Rb4 43. Be3 Ke7 44. Ra6 Kd7 45. cxd6 cxd6 46. Ra3 Rb2 47. Kg3 Ke8
48. Nf3 Bc8 49. Bd4 Rb1 50. Bc3 Ke7 51. Bd2 Rd1 52. Ra2 Be6 53. Rb2 Kd8 54. Rb3
Kc8 55. Be3 Ra1 56. Rc3 Ra4 57. Bg1 Kc7 58. Bd4 Kd7 59. Bf2 Bf7 60. Nh4 Ne7 61.
Rb3 Kc7 62. Be3 Ra1 63. Bb6+ Kc8 64. Ng2 Ra8 65. Ne3 Rb8 66. Rb5 Be8 1/2-1/2

[Event "Let's Play Chess!"]
[Site "http://www.queenalice.com/game.php?id=606525"]
[Date "2009.6.26"]
[Round "-"]
[White "BruceA"]
[Black "patoche"]
[Result "1-0"]
[WhiteElo "2250"]
[BlackElo "2401"]

1. e4 Nc6 2. Nc3 Nf6 3. d4 d5 4. e5 Nd7 5. Nxd5 Ndb8 6. Ne3 Qxd4 7. Qxd4 Nxd4 8.
f4 Bd7 9. Bc4 g6 10. Bd2 Bh6 11. Nd5 Na6 12. Bxa6 Nxc2+ 13. Kf2 Nxa1 14. Nxc7+
Kd8 15. Nxa8 bxa6 16. Ba5+ Kc8 17. Ne2 Nc2 18. Nc7 Bf5 19. Nxa6 g5 20. g4 Bd3
21. Rc1 Bxa6 22. Rxc2+ Kb8 23. Bb4 Re8 24. Nd4 Bb7 25. Nf5 Be4 26. Rd2 Bxf5 27.
gxf5 gxf4 28. Rd7 Bg5 29. Kf3 h5 30. h3 1-0

[Event "Blackmar-Diemer"]
[Site "http://www.queenalice.com/game.php?id=607983"]
[Date "2009.6.23"]
[Round "3"]
[White "BruceA"]
[Black "gbsalvio"]
[Result "0-1"]
[WhiteElo "2253"]
[BlackElo "2552"]

1. e4 d5 2. d4 dxe4 3. Nc3 Nf6 4. f3 exf3 5. Nxf3 Bf5 6. Ne5 e6 7. Bd3 Bxd3 8.
Qxd3 Nbd7 9. Qb5 Rb8 10. O-O c6 11. Qc4 Bd6 12. Qe2 Qc7 13. Nxd7 Nxd7 14. Ne4
Bxh2+ 15. Kh1 O-O 16. g3 Bxg3 17. Qg4 Bd6 18. Bh6 g6 19. Bxf8 Rxf8 20. Qh4 c5
21. Rad1 Qc6 22. Kg1 cxd4 23. Nxd6 Qxd6 24. Rxd4 Qb6 25. Rf2 Ne5 26. Qf4 f6 27.
c3 g5 28. Qg3 h5 29. Qh3 h4 30. a4 Kg7 31. a5 Qc6 32. Rd1 Rf7 33. Rd4 Kg6 34.
Qf1 g4 35. Qe2 Nf3+ 36. Rxf3 gxf3 37. Qd3+ Kh5 38. Kf2 Rg7 39. b4 Rg2+ 40. Kf1
f5 41. Rc4 Rd2 42. Rxc6 Rxd3 43. Rxe6 h3 0-1

[Event "Challenge"]
[Site "http://www.queenalice.com/game.php?id=655980"]
[Date "2009.9.21"]
[Round "-"]
[White "Conde7"]
[Black "BruceA"]
[Result "1-0"]
[WhiteElo "2713"]
[BlackElo "2267"]

1. e4 c5 2. Nf3 g6 3. d4 cxd4 4. Nxd4 Nc6 5. c4 Bg7 6. Be3 Nf6 7. Nc3 O-O 8. Be2
d6 9. O-O Bd7 10. Qd2 Nxd4 11. Bxd4 Qa5 12. Rfd1 Rfc8 13. a3 Be6 14. b3 h6 15.
Qb2 Qg5 16. g3 h5 17. f4 Qh6 18. Bf3 Nd7 19. Bxg7 Qxg7 20. e5 Rab8 21. exd6 b5
22. dxe7 bxc4 23. b4 Nc5 24. Ra2 Nd3 25. Qa1 Qd4+ 26. Kg2 Bg4 27. Ne4 Bxf3+ 28.
Kxf3 Qd5 29. Ke3 Qe6 30. Qf6 Rb6 31. Qxe6 Rxe6 32. Rc2 Re8 33. Rxc4 Nb2 34. Rd8
Nxc4+ 35. Kd4 Kg7 36. Rxe8 Rxe4+ 37. Kxe4 Nd6+ 38. Ke5 Nxe8 39. a4 Kh7 40. b5 g5
41. fxg5 Kg7 42. a5 1-0

[Event "Challenge"]
[Site "http://www.queenalice.com/game.php?id=655981"]
[Date "2009.9.21"]
[Round "-"]
[White "BruceA"]
[Black "Conde7"]
[Result "0-1"]
[WhiteElo "2266"]
[BlackElo "2711"]

1. e4 c5 2. Nc3 Nc6 3. Nf3 g6 4. d4 cxd4 5. Nxd4 Bg7 6. Be3 Nf6 7. f4 d6 8. Be2
O-O 9. a3 Ng4 10. Bxg4 Bxd4 11. Bxd4 Bxg4 12. Qxg4 Nxd4 13. O-O-O e5 14. Nd5 h5
15. Qg5 Kg7 16. Qxd8 Rfxd8 17. Rhe1 Rac8 18. c3 Nc6 19. Rf1 exf4 20. Rxf4 b5 21.
h3 Ne5 22. Nf6 a5 23. Kb1 Rb8 24. Nd5 Nc4 25. Ka2 Rb7 26. Rd3 Re8 27. g4 hxg4
28. hxg4 Rh8 29. Rf2 Ne5 30. Rg3 Rbb8 31. g5 Rh1 32. Rfg2 a4 33. Nc7 Kf8 34. Nd5
Ke8 35. Rg1 Rxg1 36. Rxg1 Kd7 37. Nf6+ Kc6 38. Rg2 Rh8 39. b3 Nd3 40. bxa4 bxa4
41. Rd2 Nc5 42. Re2 Rh3 43. e5 d5 44. Rb2 Rxc3 45. Rb6+ Kxb6 46. Nxd5+ Kb5 47.
Nxc3+ Kc4 48. Kb2 Kd4 49. Kc2 Kxe5 0-1